000 00887cam a2200265 a 4500
999 _c10604
_d10604
001 35110136
003 OCoLC
005 20210227165059.0
008 960703s1997 miu b 001 0 eng
010 _a96018779
020 _a0801057213
040 _aDLC
_cDLC
050 0 0 _aBT876
_bC186S
082 0 0 _a277.3/082
_220
_bC186S
100 1 _aCamp, Gregory S.,
_d1957-
245 1 0 _aSelling fear :
_bconspiracy theories and end-times paranoia /
_cGregory S. Camp. ; foreword by Sherman S. Smith
260 _aGrand Rapids, Mich. :
_bBaker Books,
_cc1997
300 _a287 p. ;
_c23 cm
504 _aIncludes bibliographical references (p. 261-282) and index
650 0 _aEnd of the world
_xHistory of doctrines
650 0 _aConspiracies
_xHistory
650 0 _aProphecy
_xChristianity
650 0 _aHistory
_xReligious aspects
_xChristianity
_xHistory of doctrines
942 _2ddc
_cBK